[Event "Sibiria Region-ch (Women)"]
[Site "Irkutsk"]
[Date "2009.05.15"]
[Round "8"]
[White "Utkina, Natalia"]
[Black "Karetnikova, Julia"]
[Result "1-0"]
[WhiteElo "2027"]
[BlackElo "1982"]
[PlyCount "55"]
[EventDate "2009.05.10"]
[EventType "swiss"]
[EventRounds "9"]
[EventCountry "RUS"]
[SourceTitle "CBM 130 Extra"]
[Source "ChessBase"]
[SourceDate "2009.07.02"]
[SourceVersion "2"]
[SourceVersionDate "2009.07.15"]
[SourceQuality "1"]

1. d4 d5 2. c4 c6 3. Nf3 Nf6 4. Nc3 g6 5. g3 Bg7 6. Bg2 0-0 7. 0-0 Nbd7 8. Re1 Nb6 9. cxd5 cxd5 10. e4 dxe4 11. Nxe4 Nxe4 12. Rxe4 Bf5 13. Re2 Bg4 14. Bg5 Nd5 15. Qb3 Qd7 16. Ne5 Bxe5 17. Rxe5 Nf6 18. Qe3 Rfe8 19. Re1 Be6 20. d5 Nxd5 21. Bxd5 Bxd5 22. Rd1 e6 23. Bf6 Qd6 24. Rdxd5 Qf8 25. Rd4 h6 26. Rh4 Kh7 27. Ree4 Rec8 28. Rxh6+ 1-0

[Event "Novosibirsk Region-ch sf"]
[Site "Novosibirsk"]
[Date "2008.10.23"]
[Round "6"]
[White "Utkina, Natalia"]
[Black "Myslevskaya, Izabella"]
[Result "0-1"]
[WhiteElo "2024"]
[BlackElo "2056"]
[PlyCount "62"]
[EventDate "2008.10.18"]
[EventType "swiss"]
[EventRounds "9"]
[EventCountry "RUS"]
[SourceTitle "EXT 2022"]
[Source "ChessBase"]
[SourceDate "2021.10.06"]
[SourceVersion "1"]
[SourceVersionDate "2021.10.06"]
[SourceQuality "1"]

1. d4 Nf6 2. c4 e6 3. Nf3 Bb4+ 4. Bd2 a5 5. a3 Bxd2+ 6. Nbxd2 d6 7. g3 b6 8. Bg2 Bb7 9. 0-0 Nbd7 10. Qc2 0-0 11. e4 e5 12. d5 a4 13. Nh4 Nc5 14. Nf5 Bc8 15. f4 exf4 16. gxf4 Bxf5 17. exf5 Re8 18. Rae1 Qd7 19. Nf3 Rxe1 20. Rxe1 Re8 21. Qc3 Nce4 22. Qc2 h6 23. Nd4 Nc5 24. Qc3 Nh5 25. Nc6 Nxf4 26. Bf1 Ne4 27. Qf3 Qxf5 28. Kh1 g5 29. Bd3 Nf2+ 30. Qxf2 Rxe1+ 31. Qxe1 Qxd3 0-1

[Event "Novosibirsk Region-ch sf"]
[Site "Novosibirsk"]
[Date "2008.10.22"]
[Round "5"]
[White "Utkina, Natalia"]
[Black "Kuzmin, Nikolai"]
[Result "0-1"]
[WhiteElo "2024"]
[BlackElo "2074"]
[PlyCount "112"]
[EventDate "2008.10.18"]
[EventType "swiss"]
[EventRounds "9"]
[EventCountry "RUS"]
[SourceTitle "EXT 2022"]
[Source "ChessBase"]
[SourceDate "2021.10.06"]
[SourceVersion "1"]
[SourceVersionDate "2021.10.06"]
[SourceQuality "1"]

1. d4 Nf6 2. c4 d6 3. Nc3 g6 4. e4 Bg7 5. Nf3 0-0 6. h3 e5 7. d5 a5 8. Be3 Nfd7 9. Bd3 Na6 10. g4 Ndc5 11. Bb1 Kh8 12. Qe2 c6 13. Nd2 cxd5 14. cxd5 Rb8 15. h4 h6 16. h5 g5 17. f3 Bf6 18. Nb5 Be7 19. Nc4 b6 20. Kf2 Qd7 21. a4 Nb4 22. Bd2 Ba6 23. Bxb4 axb4 24. Bd3 Nb3 25. Ra2 Bxb5 26. axb5 Qxb5 27. Kg3 Qc5 28. Ra6 Rfc8 29. Qc2 b5 30. Ne3 Qxe3 31. Qxb3 Rc5 32. Rc6 Rc8 33. Ra1 Kg7 34. Qd1 R8xc6 35. dxc6 Rxc6 36. Bxb5 Rc5 37. Be2 b3 38. Bd3 d5 39. Kg2 Bd8 40. Qxb3 dxe4 41. fxe4 Qd2+ 42. Kg3 Qe3+ 43. Kg2 Qf4 44. Qd1 Bb6 45. Qe2 Rc1 46. Rxc1 Qxc1 47. Qf1 Qxb2+ 48. Qe2 Qd4 49. Qf1 Ba5 50. Qf3 Bd2 51. Be2 Be3 52. Qf5 Bf4 53. Kf1 Qe3 54. Ke1 Qg1+ 55. Bf1 Qg3+ 56. Kd1 Qb3+ 0-1

[Event "Novosibirsk Region-ch sf"]
[Site "Novosibirsk"]
[Date "2008.10.19"]
[Round "2"]
[White "Utkina, Natalia"]
[Black "Okladnikov, Gennady"]
[Result "1-0"]
[WhiteElo "2024"]
[BlackElo "2159"]
[PlyCount "84"]
[EventDate "2008.10.18"]
[EventType "swiss"]
[EventRounds "9"]
[EventCountry "RUS"]
[SourceTitle "EXT 2022"]
[Source "ChessBase"]
[SourceDate "2021.10.06"]
[SourceVersion "1"]
[SourceVersionDate "2021.10.06"]
[SourceQuality "1"]

1. d4 g6 2. Nf3 Bg7 3. g3 d6 4. Bg2 Nf6 5. c4 0-0 6. Nc3 Nc6 7. d5 Na5 8. Qd3 c5 9. 0-0 a6 10. b3 b5 11. Bb2 Rb8 12. Rab1 b4 13. Ne4 Nxe4 14. Qxe4 Bf5 15. Qh4 Bxb1 16. Rxb1 h6 17. Bc1 e5 18. dxe6 fxe6 19. Qe4 Qf6 20. Bf4 e5 21. Be3 Rbd8 22. Rd1 g5 23. h4 Qf5 24. Qd5+ Qf7 25. Qd3 Qf5 26. Qd5+ Kh8 27. hxg5 e4 28. gxh6 exf3 29. hxg7+ Kxg7 30. Bxf3 Qxd5 31. Rxd5 Rfe8 32. Bg5 Nc6 33. Bxd8 Rxd8 34. e3 a5 35. Be4 Ne5 36. Kg2 a4 37. f4 Nf7 38. bxa4 Kf6 39. Kf3 Rd7 40. g4 Ra7 41. Bc2 Ke6 42. g5 Ra8 1-0

[Event "Novosibirsk-ch"]
[Site "Novosibirsk"]
[Date "2008.02.22"]
[Round "1"]
[White "Botvinkov, Anton"]
[Black "Utkina, Natalia"]
[Result "1-0"]
[WhiteElo "2218"]
[BlackElo "2034"]
[PlyCount "57"]
[EventDate "2008.02.22"]
[EventType "swiss"]
[EventRounds "9"]
[EventCountry "RUS"]
[SourceTitle "CBM 123 Extra"]
[Source "ChessBase"]
[SourceDate "2008.05.06"]
[SourceVersion "1"]
[SourceVersionDate "2008.05.06"]
[SourceQuality "1"]

1. e4 e6 2. d4 d5 3. Nd2 Nf6 4. e5 Nfd7 5. Bd3 c5 6. c3 Nc6 7. Ne2 cxd4 8. cxd4 f6 9. exf6 Qxf6 10. Nf3 Bd6 11. 0-0 0-0 12. Bg5 Qf7 13. Bh4 Kh8 14. Bg3 e5 15. Nc3 Qe6 16. dxe5 Rxf3 17. Qxf3 Ndxe5 18. Qxd5 Qh6 19. Rfe1 Be6 20. Qxd6 Rd8 21. Bxe5 Rxd6 22. Bxd6 Nd4 23. Re4 Nf5 24. Rae1 Bg8 25. Bf4 Qc6 26. Re5 Nd4 27. Be4 Qb6 28. Re8 Qxb2 29. Rxg8+ 1-0

[Event "Novosibirsk-ch"]
[Site "Novosibirsk"]
[Date "2007.02.20"]
[Round "7"]
[White "Utkina, Natalia"]
[Black "Okladnikov, Gennady"]
[Result "1/2-1/2"]
[WhiteElo "2023"]
[BlackElo "2188"]
[PlyCount "92"]
[EventDate "2007.02.14"]
[EventType "swiss"]
[EventRounds "9"]
[EventCountry "RUS"]
[SourceTitle "EXT 2008"]
[Source "ChessBase"]
[SourceDate "2007.11.25"]
[SourceVersion "1"]
[SourceVersionDate "2007.11.25"]
[SourceQuality "1"]

1. d4 g6 2. c4 Bg7 3. Nf3 Nf6 4. Nc3 0-0 5. e4 d6 6. h3 e5 7. d5 Nbd7 8. Bd3 Nc5 9. Bc2 a5 10. Bg5 h6 11. Be3 c6 12. dxc6 bxc6 13. Qd2 Be6 14. 0-0-0 Nb7 15. Bxh6 Bxc4 16. h4 Be6 17. Nh2 d5 18. Bxg7 Kxg7 19. Qg5 Ng4 20. Nxg4 Qxg5+ 21. hxg5 Bxg4 22. f3 Be6 23. exd5 cxd5 24. Nxd5 Rac8 25. Kb1 Rh8 26. Rhe1 Rh2 27. Rxe5 Rxg2 28. Ne3 Rcxc2 29. Nxc2 Bf5 30. Rc1 Nd6 31. Rc5 Rf2 32. Ka1 Bxc2 33. R1xc2 Rxf3 34. a4 Nf5 35. Rxa5 Nd4 36. Rcc5 Nb3+ 37. Ka2 Nxa5 38. Rxa5 Rf4 39. b3 f5 40. Ra7+ Kf8 41. a5 Rf2+ 42. Ka3 f4 43. a6 Rf1 44. Ra8+ Kf7 45. Ra7+ Kf8 46. Ra8+ Kg7 1/2-1/2

[Event "Novosibirsk-ch"]
[Site "Novosibirsk"]
[Date "2007.02.18"]
[Round "5"]
[White "Utkina, Natalia"]
[Black "Novichkov, Vladimir"]
[Result "1-0"]
[WhiteElo "2023"]
[BlackElo "2128"]
[PlyCount "91"]
[EventDate "2007.02.14"]
[EventType "swiss"]
[EventRounds "9"]
[EventCountry "RUS"]
[SourceTitle "EXT 2008"]
[Source "ChessBase"]
[SourceDate "2007.11.25"]
[SourceVersion "1"]
[SourceVersionDate "2007.11.25"]
[SourceQuality "1"]

1. d4 d5 2. c4 e6 3. Nf3 Nf6 4. g3 Be7 5. Bg2 0-0 6. 0-0 dxc4 7. Ne5 Nbd7 8. Nxc4 Rb8 9. Nc3 b6 10. e4 Ba6 11. b3 Bb4 12. Bb2 b5 13. Ne5 Nxe5 14. dxe5 Nd7 15. Ne2 c5 16. Nf4 Kh8 17. Qg4 Qc7 18. Nh5 Rg8 19. f4 c4 20. Rac1 c3 21. Kh1 Qa5 22. Ba1 Rbc8 23. Rfd1 Rc7 24. h4 Bc8 25. Rd3 Qxa2 26. Qf3 Qxb3 27. Bxc3 a5 28. Kh2 Bxc3 29. Rcxc3 Rxc3 30. Rxc3 Qb4 31. Rc7 Qf8 32. Qd3 Qd8 33. Ra7 Qb6 34. Ra8 b4 35. Qc4 Bb7 36. Rxg8+ Kxg8 37. Qe2 Qd8 38. Qg4 g6 39. Nf6+ Nxf6 40. exf6 Qxf6 41. h5 Qb2 42. Kh3 Qd4 43. Qg5 Bxe4 44. Bxe4 Qxe4 45. Qd8+ Kg7 46. h6+ 1-0

[Event "RUS Summer U16 Girls 2nd"]
[Site "Satka"]
[Date "2005.07.04"]
[Round "7"]
[White "Utkina, Natalia"]
[Black "Ambartsumova, Karina"]
[Result "0-1"]
[WhiteElo "1959"]
[BlackElo "2171"]
[PlyCount "90"]
[EventDate "2005.06.27"]
[EventType "swiss"]
[EventRounds "9"]
[EventCountry "RUS"]
[SourceTitle "CBM 107 Extra"]
[Source "ChessBase"]
[SourceDate "2005.09.01"]
[SourceVersion "1"]
[SourceVersionDate "2005.09.01"]
[SourceQuality "1"]

1. d4 c5 2. d5 e5 3. c4 d6 4. e4 Be7 5. Nf3 Nf6 6. Nc3 0-0 7. h3 Ne8 8. g4 g6 9. Bh6 Ng7 10. Bd3 Nd7 11. Qd2 f6 12. 0-0-0 Rf7 13. g5 f5 14. Bxg7 Kxg7 15. h4 Nf8 16. Rdg1 fxe4 17. Bxe4 Bf5 18. Qe2 a6 19. h5 Bxe4 20. Nxe4 b5 21. hxg6 hxg6 22. Nfd2 Rf5 23. Qg4 Rb8 24. Qh4 bxc4 25. Nxc4 Rb4 26. Qh8+ Kf7 27. Rh7+ Ke8 28. Rxe7+ Kxe7 29. Ncxd6 Rxe4 30. Nxe4 Qxd5 31. Nc3 Qe6 32. Qh1 Rxf2 33. Nd5+ Kf7 34. Rd1 Qf5 35. Ne3 Qxg5 36. Qd5+ Ne6 37. Re1 Qd8 38. Qxd8 Nxd8 39. Ng4 Rf4 40. Nxe5+ Kg7 41. Rg1 Rf6 42. Kd2 Nf7 43. Nd3 Rf5 44. Rc1 Ng5 45. Nxc5 Rxc5 0-1

[Event "RUS Summer U16 Girls 2nd"]
[Site "Satka"]
[Date "2005.07.01"]
[Round "5"]
[White "Utkina, Natalia"]
[Black "Savina, Anastasia"]
[Result "1-0"]
[WhiteElo "1959"]
[BlackElo "1984"]
[PlyCount "105"]
[EventDate "2005.06.27"]
[EventType "swiss"]
[EventRounds "9"]
[EventCountry "RUS"]
[SourceTitle "CBM 107 Extra"]
[Source "ChessBase"]
[SourceDate "2005.09.01"]
[SourceVersion "1"]
[SourceVersionDate "2005.09.01"]
[SourceQuality "1"]

1. d4 d5 2. c4 e6 3. Nf3 Nf6 4. g3 Be7 5. Bg2 0-0 6. 0-0 dxc4 7. Ne5 Nc6 8. Nxc6 bxc6 9. Bxc6 Rb8 10. Bg2 Bb7 11. Nc3 Bxg2 12. Kxg2 Qd7 13. e3 c5 14. dxc5 Qc6+ 15. Kg1 Qxc5 16. Qe2 Nd7 17. e4 Qb4 18. Rb1 Rfc8 19. Bd2 Qb6 20. b3 cxb3 21. Rxb3 Qc6 22. Rfb1 Rxb3 23. Rxb3 Nc5 24. Rb1 h6 25. e5 Rd8 26. Nb5 a6 27. Nd6 Bxd6 28. exd6 Qxd6 29. Bb4 Qd5 30. a3 Ne4 31. h4 a5 32. Be1 Qd4 33. Bxa5 Rd5 34. Bb6 Nc3 35. Qc2 Qe5 36. Rf1 g5 37. hxg5 hxg5 38. Be3 Ne4 39. Bc1 Rb5 40. Re1 f5 41. Qc8+ Kf7 42. Qd7+ Kf6 43. Bxg5+ Kg6 44. Qe8+ Kg7 45. Qe7+ Kg6 46. Qf8 Qg7 47. Qe8+ Kxg5 48. Qxb5 Qd4 49. Qe2 Qa4 50. Qe3+ Kg6 51. Kg2 Qc6 52. Qf3 Kf6 53. Rh1 1-0

[Event "RUS Summer U16 Girls 2nd"]
[Site "Satka"]
[Date "2005.06.30"]
[Round "4"]
[White "Karibaeva, Elvira"]
[Black "Utkina, Natalia"]
[Result "0-1"]
[WhiteElo "2237"]
[BlackElo "1959"]
[PlyCount "88"]
[EventDate "2005.06.27"]
[EventType "swiss"]
[EventRounds "9"]
[EventCountry "RUS"]
[SourceTitle "CBM 107 Extra"]
[Source "ChessBase"]
[SourceDate "2005.09.01"]
[SourceVersion "1"]
[SourceVersionDate "2005.09.01"]
[SourceQuality "1"]

1. c4 e6 2. Nf3 d5 3. b3 Nf6 4. Bb2 Be7 5. g3 0-0 6. Bg2 c6 7. 0-0 Nbd7 8. d3 b6 9. Nc3 Bb7 10. Rc1 c5 11. cxd5 exd5 12. d4 Ne4 13. Rc2 Rc8 14. Qa1 Bf6 15. Rd1 Qe7 16. Bh3 Rfd8 17. a4 Nxc3 18. Bxc3 Rc7 19. a5 Qe4 20. Rcd2 h6 21. Bg2 Qe6 22. axb6 axb6 23. dxc5 bxc5 24. Qa5 Rcc8 25. Bxf6 Nxf6 26. Rc2 Qe7 27. Bh3 Rc7 28. Rdc1 Ne4 29. Nh4 Ra8 30. Qe1 Ra3 31. Nf5 Qf6 32. Rb1 Ng5 33. Qf1 Bc8 34. g4 Nxh3+ 35. Qxh3 Bxf5 36. gxf5 c4 37. Qg4 Rb7 38. Qf3 Rbxb3 39. Rxb3 Rxb3 40. Qf4 c3 41. Ra2 Rb2 42. Ra8+ Kh7 43. Rc8 Rxe2 44. Qb8 Re1+ 0-1

[Event "RUS-ch U16 Girls"]
[Site "Dagomys"]
[Date "2004.04.??"]
[Round "10"]
[White "Cheremnova, Tamara"]
[Black "Utkina, Natalia"]
[Result "1-0"]
[WhiteElo "2117"]
[BlackElo "2009"]
[PlyCount "60"]
[EventDate "2004.04.??"]
[EventType "swiss"]
[EventRounds "10"]
[EventCountry "RUS"]
[SourceTitle "EXT 2005"]
[Source "ChessBase"]
[SourceDate "2004.11.15"]
[SourceVersion "1"]
[SourceVersionDate "2004.11.15"]
[SourceQuality "1"]

1. d4 Nf6 2. c4 g6 3. Nc3 Bg7 4. e4 d6 5. f3 0-0 6. Be3 Nc6 7. Nge2 a6 8. Qd2 Rb8 9. Rc1 e5 10. d5 Nd4 11. Nxd4 exd4 12. Bxd4 c5 13. dxc6 bxc6 14. Be2 Re8 15. 0-0 Be6 16. Rfd1 d5 17. exd5 cxd5 18. c5 Qa5 19. Bxf6 Bxf6 20. Nxd5 Qd8 21. Nxf6+ Qxf6 22. b3 Bf5 23. Qf4 Qb2 24. Bc4 Rbc8 25. a4 a5 26. Qd4 Qa3 27. c6 Qe7 28. Bb5 Red8 29. Qc3 Qa7+ 30. Kf1 Qc7 1-0

[Event "RUS-ch U16 Girls"]
[Site "Dagomys"]
[Date "2004.04.??"]
[Round "6"]
[White "Utkina, Natalia"]
[Black "Nebolsina, Vera"]
[Result "1-0"]
[WhiteElo "2009"]
[BlackElo "2130"]
[PlyCount "57"]
[EventDate "2004.04.??"]
[EventType "swiss"]
[EventRounds "10"]
[EventCountry "RUS"]
[SourceTitle "EXT 2005"]
[Source "ChessBase"]
[SourceDate "2004.11.15"]
[SourceVersion "1"]
[SourceVersionDate "2004.11.15"]
[SourceQuality "1"]

1. d4 d5 2. c4 c6 3. e3 Nf6 4. Nc3 a6 5. Nf3 b5 6. cxd5 cxd5 7. a3 Bg4 8. Be2 Nbd7 9. 0-0 e6 10. Qd3 Bf5 11. Qd1 Bd6 12. Nh4 Be4 13. Nxe4 dxe4 14. g3 0-0 15. f3 Rc8 16. Bd2 Nb6 17. b3 Qd7 18. Qb1 e5 19. fxe4 exd4 20. exd4 Bxg3 21. Nf5 Bb8 22. Qd3 Rfe8 23. e5 Nfd5 24. Bg4 Qc6 25. Nxg7 Qg6 26. Qxg6 hxg6 27. Nxe8 Rxe8 28. Rae1 Kg7 29. Rf3 1-0